001025289 001__ 1025289 001025289 005__ 20260206060207.0 001025289 0247_ $$2ISSN$$a0360-1323 001025289 0247_ $$2ISSN$$a1873-684X 001025289 0247_ $$2SCOPUS$$aSCOPUS:2-s2.0-105025118034 001025289 0247_ $$2WOS$$aWOS:001649433600001 001025289 0247_ $$2doi$$a10.1016/j.buildenv.2025.114144 001025289 0247_ $$2datacite_doi$$a10.18154/RWTH-2026-00653 001025289 037__ $$aRWTH-2026-00653 001025289 041__ $$aEnglish 001025289 082__ $$a690 001025289 1001_ $$0P:(DE-82)IDM05348$$aJiang, Jun$$b0$$eCorresponding author$$urwth 001025289 245__ $$aData-driven modeling of single-sided bottom-hung window ventilation$$honline 001025289 260__ $$aNew York, NY [u.a.]$$bElsevier$$c2026 001025289 260__ $$c2025 001025289 300__ $$a[1]-37 001025289 3367_ $$00$$2EndNote$$aJournal Article 001025289 3367_ $$0PUB:(DE-HGF)16$$2PUB:(DE-HGF)$$aJournal Article$$bjournal$$mjournal 001025289 3367_ $$2BibTeX$$aARTICLE 001025289 3367_ $$2DRIVER$$aarticle 001025289 3367_ $$2DataCite$$aOutput Types/Journal article 001025289 3367_ $$2ORCID$$aJOURNAL_ARTICLE 001025289 500__ $$aReceived 10 October 2025, Revised 26 November 2025, Accepted 15 December 2025, Available online 16 December 2025 001025289 536__ $$0G:(BMWK)IGF40EWN$$aIGF40EWN - SMART Ventilation (IGF40EWN)$$cIGF40EWN$$x0 001025289 588__ $$aDataset connected to CrossRef, Journals: publications.rwth-aachen.de 001025289 591__ $$aGermany 001025289 7001_ $$0P:(DE-82)IDM02247$$aRewitz, Kai$$b1$$urwth 001025289 7001_ $$0P:(DE-82)IDM01533$$aMüller, Dirk$$b2$$urwth 001025289 773__ $$0PERI:(DE-600)1481962-4$$a10.1016/j.buildenv.2025.114144$$p114144$$tBuilding and environment$$v290$$x1873-684X$$y2026 001025289 8564_ $$uhttps://publications.rwth-aachen.de/record/1025289/files/1025289.pdf$$yOpenAccess 001025289 8767_ $$c2575$$d2026-02-05$$eHybrid-OA$$jDEAL$$v180.25$$x021000-419510 001025289 8767_ $$c100$$d2026-02-05$$eOther$$jDEAL$$v7.00$$x021000-419510$$zServicepauschale 001025289 909CO $$ooai:publications.rwth-aachen.de:1025289$$pVDB$$pdriver$$pOpenAPC_DEAL$$popen_access$$popenaire$$popenCost$$pdnbdelivery 001025289 9101_ $$0I:(DE-588b)36225-6$$6P:(DE-82)IDM05348$$aRWTH Aachen$$b0$$kRWTH 001025289 9101_ $$0I:(DE-588b)36225-6$$6P:(DE-82)IDM02247$$aRWTH Aachen$$b1$$kRWTH 001025289 9101_ $$0I:(DE-588b)36225-6$$6P:(DE-82)IDM01533$$aRWTH Aachen$$b2$$kRWTH 001025289 9141_ $$y2025 001025289 9151_ $$0StatID:(DE-HGF)0031$$2StatID$$aPeer reviewed article$$x0 001025289 915__ $$0StatID:(DE-HGF)0150$$2StatID$$aDBCoverage$$bWeb of Science Core Collection$$d2024-12-28 001025289 915__ $$0StatID:(DE-HGF)0300$$2StatID$$aDBCoverage$$bMedline$$d2024-12-28 001025289 915__ $$0StatID:(DE-HGF)1160$$2StatID$$aDBCoverage$$bCurrent Contents - Engineering, Computing and Technology$$d2024-12-28 001025289 915__ $$0LIC:(DE-HGF)CCBY4$$2HGFVOC$$aCreative Commons Attribution CC BY 4.0 001025289 915__ $$0StatID:(DE-HGF)0100$$2StatID$$aJCR$$bBUILD ENVIRON : 2022$$d2024-12-28 001025289 915__ $$0StatID:(DE-HGF)0200$$2StatID$$aDBCoverage$$bSCOPUS$$d2024-12-28 001025289 915__ $$0StatID:(DE-HGF)0113$$2StatID$$aWoS$$bScience Citation Index Expanded$$d2024-12-28 001025289 915__ $$0StatID:(DE-HGF)0510$$2StatID$$aOpenAccess 001025289 915__ $$0StatID:(DE-HGF)9905$$2StatID$$aIF >= 5$$bBUILD ENVIRON : 2022$$d2024-12-28 001025289 915__ $$0StatID:(DE-HGF)0160$$2StatID$$aDBCoverage$$bEssential Science Indicators$$d2024-12-28 001025289 915__ $$0StatID:(DE-HGF)0420$$2StatID$$aNationallizenz$$d2024-12-28$$wger 001025289 915__ $$0StatID:(DE-HGF)0199$$2StatID$$aDBCoverage$$bClarivate Analytics Master Journal List$$d2024-12-28 001025289 915pc $$0PC:(DE-HGF)0000$$2APC$$aAPC keys set 001025289 915pc $$0PC:(DE-HGF)0001$$2APC$$aLocal Funding 001025289 915pc $$0PC:(DE-HGF)0002$$2APC$$aDFG OA Publikationskosten 001025289 915pc $$0PC:(DE-HGF)0125$$2APC$$aDEAL: Elsevier 09/01/2023 001025289 9201_ $$0I:(DE-82)419510_20140620$$k419510$$lLehrstuhl für Gebäude- und Raumklimatechnik$$x0 001025289 9201_ $$0I:(DE-82)080052_20160101$$k080052$$lE.ON Energy Research Center$$x1 001025289 961__ $$c2026-01-16T15:38:07.155751$$x2026-01-16T15:38:07.155751$$z2026-01-19 001025289 9801_ $$aFullTexts 001025289 980__ $$aI:(DE-82)080052_20160101 001025289 980__ $$aI:(DE-82)419510_20140620 001025289 980__ $$aUNRESTRICTED 001025289 980__ $$aVDB 001025289 980__ $$ajournal 001025289 980__ $$aAPC